Asia under fire of US sanctions (Запись № 10815316)

Подробности
000 -МАРКЕР
контрольное поле 02089nam0a2200409 4500
001 - ИДЕНТИФИКАТОР ЗАПИСИ
контрольное поле RU\NLR\BIBL_A\012195023
005 - ИДЕНТИФИКАТОР ВЕРСИИ
контрольное поле 20250623224703.0
010 ## - МЕЖДУНАРОДНЫЙ СТАНДАРТНЫЙ НОМЕР КНИГИ (ISBN)
Номер (ISBN) 978-5-6043044-6-4
021 ## - НОМЕР ГОСУДАРСТВЕННОЙ РЕГИСТРАЦИИ
Код страны российская федерация
Номер 2019-97186
Номер Листа государственной регистраци КН-П-7137
035 ## - ДРУГИЕ СИСТЕМНЫЕ НОМЕРА
Идентификатор записи (RuMoRGB)010203516
035 ## - ДРУГИЕ СИСТЕМНЫЕ НОМЕРА
Идентификатор записи (NLR Aleph) 012195023
100 ## - ДАННЫЕ ОБЩЕЙ ОБРАБОТКИ
Данные общей обработки 20200131d2019 |||y0rusy50 ca
101 0# - ЯЗЫК РЕСУРСА
Язык текста, звукозаписи и т.д. английский
102 ## - СТРАНА ПУБЛИКАЦИИ ИЛИ ПРОИЗВОДСТВА
Страна публикации российская федерация
105 ## - ПОЛЕ КОДИРОВАННЫХ ДАННЫХ: ТЕКСТОВЫЕ МАТЕРИАЛЫ, МОНОГРАФИЧЕСКИЕ
Кодированные данные о монографическом текстовом документе a z 000zy
181 #0 - ПОЛЕ КОДИРОВАННЫХ ДАННЫХ: ВИД СОДЕРЖАНИЯ
Код вида содержания (ISBD) i
Код характеристики содержания (ISBD) axxe
182 #0 - ПОЛЕ КОДИРОВАННЫХ ДАННЫХ: ТИП СРЕДСТВА
Код типа средства (ISBD) n - непосредственное
200 1# - ЗАГЛАВИЕ И СВЕДЕНИЯ ОБ ОТВЕТСТВЕННОСТИ
Основное заглавие Asia under fire of US sanctions
Первые сведения об ответственности Ivan Timofeev
Последующие сведения об ответственности Valdai discussion club
203 ## - ВИД СОДЕРЖАНИЯ И ТИП СРЕДСТВА
Вид содержания Текст
Дополнительные сведения об издании визуальный
Тип средства непосредственный
210 ## - ПУБЛИКАЦИЯ, РАСПРОСТРАНЕНИЕ И ДР.
Место издания, распространения и т.д. Moscow
Имя издателя, распространителя и т. д. Found. for development and support of the Valdai discussion club
Дата издания, распространения и т.д. cop. 2019
215 ## - ФИЗИЧЕСКАЯ ХАРАКТЕРИСТИКА
Специфическое обозначение материала и объем 20 с.
Другие сведения о физической характеристике цв. ил.
Размеры 30
225 1# - СЕРИЯ
Основное заглавие серии Valdai discussion club report
320 ## - ПРИМЕЧАНИЯ О НАЛИЧИИ В ДОКУМЕНТЕ БИБЛИОГРАФИИ / УКАЗАТЕЛЯ
Текст примечания Библиогр. в подстроч. примеч.
541 1# - ПЕРЕВОД ЗАГЛАВИЯ, СДЕЛАННЫЙ КАТАЛОГИЗАТОРОМ
Заглавие Азия под огнём санкций США
606 1# - НАИМЕНОВАНИЕ ТЕМЫ КАК ПРЕДМЕТ
Наименование темы Экономические санкции
Формальный подзаголовок Лекции, доклады и т.п
Системный номер авторитетной/нормативной записи 2172426
Идентификатор авторитетной/нормативной записи RU\NLR\AUTH\661306721
607 ## - ГЕОГРАФИЧЕСКОЕ НАИМЕНОВАНИЕ КАК ПРЕДМЕТ
Географическое наименование Соединенные Штаты Америки
Формальный подзаголовок Лекции, доклады и т.п
Тематический подзаголовок Экономические взаимоотношения
Географический подзаголовок Азиатские страны
Системный номер авторитетной/нормативной записи 2437621
Идентификатор авторитетной/нормативной записи RU\NLR\AUTH\6601668392
607 ## - ГЕОГРАФИЧЕСКОЕ НАИМЕНОВАНИЕ КАК ПРЕДМЕТ
Географическое наименование Азиатские страны
Формальный подзаголовок Лекции, доклады и т.п
Тематический подзаголовок Экономические взаимоотношения
Географический подзаголовок Соединенные Штаты Америки
Системный номер авторитетной/нормативной записи 2437618
Идентификатор авторитетной/нормативной записи RU\NLR\AUTH\6601668391
607 ## - ГЕОГРАФИЧЕСКОЕ НАИМЕНОВАНИЕ КАК ПРЕДМЕТ
Географическое наименование Соединенные Штаты Америки
Формальный подзаголовок Лекции, доклады и т.п
Тематический подзаголовок Внешняя политика
Географический подзаголовок Азиатские страны
Хронологический подзаголовок 21 в.
Системный номер авторитетной/нормативной записи 2437550
Идентификатор авторитетной/нормативной записи RU\NLR\AUTH\6601668361
686 1# - ИНДЕКСЫ ДРУГИХ КЛАССИФИКАЦИЙ
Индекс У9(5)89(7США)
686 1# - ИНДЕКСЫ ДРУГИХ КЛАССИФИКАЦИЙ
Индекс У9(7США)89(5)
686 1# - ИНДЕКСЫ ДРУГИХ КЛАССИФИКАЦИЙ
Индекс Т3(7США)63-64(5)
700 #1 - ИМЯ ЛИЦА - ПЕРВИЧНАЯ ОТВЕТСТВЕННОСТЬ
Графика поля Латинская
Материалы, к которым относится поле rus
Начальный элемент ввода Timofeev
Часть имени, кроме начального элемента ввода I. N.
Дополнения к именам, кроме дат канд. полит. наук
Даты 1980-
Расширение инициалов личного имени Ivan Nikolaevič
Системный номер авторитетной/нормативной записи 229254
Идентификатор авторитетной/нормативной записи RU\NLR\AUTH\770229310
942 ## - ДОПОЛНИТЕЛЬНЫЕ ЭЛЕМЕНТЫ ЗАПИСИ (АБИС)
Тип экземпляра АБИС Книга
980 ## - КОЛЛЕКЦИЯ
Название коллекции Национальная библиография
Экземпляры
Тип экземпляра Дата поступления Источник поступления Библиотека постоянного хранения Библиотека текущего хранения Место хранения Шифр хранения Штрих-код Статус не для выдачи
Книга 31.01.2020 Обязательный экземпляр РНБ (Московский) РНБ (Московский) Иностранный книжный фонд Ик 2020-8/8 1-3042846